Information technology & management (Record no. 38281)

MARC details
000 -LEADER
fixed length control field 00427nam a2200169Ia 4500
022 ## - INTERNATIONAL STANDARD SERIAL NUMBER
ISSN 1385951X
050 ## - CALL MARK
Classification number T 58.64 .I54/
245 #0 - TITLE STATEMENT
Title Information technology & management
260 ## - PUBLICATION, DISTRIBUTION, ETC. (IMPRINT)
Place of publication N.Y.
260 ## - PUBLICATION, DISTRIBUTION, ETC. (IMPRINT)
Name of publisher Springer Science and Business Media
260 ## - PUBLICATION, DISTRIBUTION, ETC. (IMPRINT)
Year of publication 2009
300 ## - PHYSICAL DESCRIPTION
Number of Pages 176 p. ;28 cm.
650 ## - SUBJECT ADDED ENTRY--TOPICAL TERM
Topical Term Information technology
942 ## - ADDED ENTRY ELEMENTS (KOHA)
Koha item type Serials

No items available.